00474nam a2200193 a 4500001001300000003000900013005001700022008004100039020001000080082001300090100002000103245002600123260003800149300000900187500003500196505001000231650001900241700002000260nice12345678IN_TiNIC20260116011721.0050524s1941 lona grp 000 0 eng  ac10000a270bTEM aTemple, William aCitizen and Churchman aLondonbEyre & Spottiswoodec1941 a111p aincludes index and biblioraphy2 aIndex aChurch-History1 aTemple, William